| 000 | 00469nam a2200181Ia 4500 | ||
|---|---|---|---|
| 005 | 20230201165524.0 | ||
| 008 | 230125s9999 xx 000 0 und d | ||
| 041 | _aeng | ||
| 082 |
_a658.15 _bBAG |
||
| 100 | _aBagewadi S | ||
| 245 | _aStrategic Finance | ||
| 260 |
_c2010 _bSymbiosis centre for distance learning _aPune |
||
| 300 | _a286p | ||
| 500 | _aStrategic FM | ||
| 650 |
_aStrategic FM _9119112 |
||
| 700 | _aBagewadi S & Nandini Madan, Donor | ||
| 942 | _cDB | ||
| 999 |
_c93609 _d93609 |
||